00391nam a22001337a 450000500170000000800410001704100130005808200120007110000120008324500420009526000660013730000290020365000250023220240807085056.0240807b |||||||| |||| 00| 0 eng d aEnglish  a349 SOU lEnglish aSouth African Law Reports: Transvaal  aGrahamstown, Cape Colony: bAfrican Book Company Ltd, c1910  bix, 337 pages; c25 cm.  aLegal practice bLaw